000 00930nam a2200277 i 4500
003 DO-SdBNP
005 20260528100121.0
007 ta
008 251016b2025 dr ||||| |||| 00| 0 spa d
020 _a9789945293593
040 _aDO-SdBNP
_bspa
_cBNPHU
_erda
041 _aspa
082 4 _a0
_bF289m
_222
100 _aFebrillet, Johan
_eautor
_4aut.
_988183
245 1 4 _aMás allá del precio :
_b“Cómo el Poder de la Percepción puede definir el valor de una propiedad”/
_cJohan Febrillet.
250 _aPrimera edición
264 4 _aUnited States, Orlando, FL :
_bEditorial:Febrillet Pérez,
_c©2025.
300 _a106 páginas ;
_c21 cm.
336 _atexto
_btxt
_2rdacontent
337 _asin mediación
_bn
_2rdamedia
338 _avolumen
_bnc
_2rdacarrier
500 _aIncluye datos biográficos del la autor en la contracubierta.
590 _aInventariado, 2025 /LP
910 _aLP
942 _2ddc
_cLBS1
999 _c59965
_d59965